<?xml version="1.0" encoding="UTF-8"?>
<collection xmlns="http://www.loc.gov/MARC21/slim">
 <record>
  <leader>     na                 </leader>
  <controlfield tag="001">INLIS000000000010909</controlfield>
  <controlfield tag="005">20260406032820</controlfield>
  <datafield tag="035" ind1=" " ind2=" ">
   <subfield code="a">0010-0223000007</subfield>
  </datafield>
  <controlfield tag="007">ta</controlfield>
  <controlfield tag="008">260406                           0 ind  </controlfield>
  <datafield tag="020" ind1=" " ind2=" ">
   <subfield code="a">978-623-218-529-6</subfield>
  </datafield>
  <datafield tag="082" ind1=" " ind2=" ">
   <subfield code="a">323.4</subfield>
  </datafield>
  <datafield tag="084" ind1=" " ind2=" ">
   <subfield code="a">323.4 AMR f</subfield>
  </datafield>
  <datafield tag="100" ind1="0" ind2=" ">
   <subfield code="a">Amran Suadi</subfield>
  </datafield>
  <datafield tag="245" ind1="1" ind2=" ">
   <subfield code="a">Filsafat keadilan :</subfield>
   <subfield code="b">biological justice dan praktiknya dalam putusan hakim /</subfield>
   <subfield code="c">Amran Suadi</subfield>
  </datafield>
  <datafield tag="260" ind1=" " ind2=" ">
   <subfield code="a">Jakarta :</subfield>
   <subfield code="b">Kencana Prenada Media Group,</subfield>
   <subfield code="c">2021</subfield>
  </datafield>
  <datafield tag="300" ind1=" " ind2=" ">
   <subfield code="a">xiv, 230 hlm ;</subfield>
   <subfield code="c">20,5 cm</subfield>
  </datafield>
  <datafield tag="520" ind1=" " ind2=" ">
   <subfield code="a">Keadilan yang mutlak hanyalah keadilan Tuhan, bukan keadilan manusia. Keadilan Tuhan adalah keadilan tertinggi (the ultimate justice) yang merupakan kehendak ilahi, sehingga tidak ada kenisbian di dalamnya. Hakim sebagai wakil Tuhan di dunia wajib mewujudkan keadilan tersebut dan mengimplementasikannya dalam putusan. Keadilan Tuhan murni untuk kemaslahatan umat manusia, keadilan tersebut bersifat universal dan tidak terikat dengan perspektif tertentu. Beberapa kasus dipaparkan dalam buku ini tentang kasus para pencari keadilan, dimana kasus-kasus tersebut merupakan beberapa peristiwa yang menunjukkan bahwa sejatinya keadilan belum bisa diperoleh hanya melalui pengadilan saja walaupun pengertian pengadilan adalah tempat dimana mengadili perkara dengan memberi keadilan, menentukan mana yang benar dan mana yang salah. Beberapa kasus dipaparkan dalam buku ini tentang kasus para pencari keadilan, dimana kasus-kasus tersebut merupakan beberapa peristiwa yang menunjukkan bahwa sejatinya keadilan belum bisa diperoleh hanya melalui pengadilan saja walaupun pengertian pengadilan adalah tempat dimana mengadili perkara dengan memberi keadilan, menentukan mana yang benar dan mana yang salah. Beberapa kasus dipaparkan dalam buku ini tentang kasus para pencari keadilan, dimana kasus-kasus tersebut merupakan beberapa peristiwa yang menunjukkan bahwa sejatinya keadilan belum bisa diperoleh hanya melalui pengadilan saja walaupun pengertian pengadilan adalah tempat dimana mengadili perkara dengan memberi keadilan, menentukan mana yang benar dan mana yang salah. Beberapa kasus dipaparkan dalam buku ini tentang kasus para pencari keadilan, dimana kasus-kasus tersebut merupakan beberapa peristiwa yang menunjukkan bahwa sejatinya keadilan belum bisa diperoleh hanya melalui pengadilan saja walaupun pengertian pengadilan adalah tempat dimana mengadili perkara dengan memberi keadilan, menentukan mana yang benar dan mana yang salah.Beberapa kasus dipaparkan dalam buku ini tentang kasus para pencari keadilan, dimana kasus-kasus tersebut merupakan beberapa peristiwa yang menunjukkan bahwa sejatinya keadilan belum bisa diperoleh hanya melalui pengadilan saja walaupun pengertian pengadilan adalah tempat dimana mengadili perkara dengan memberi keadilan, menentukan mana yang benar dan mana yang salah.Beberapa kasus dipaparkan dalam buku ini tentang kasus para pencari keadilan, dimana kasus-kasus tersebut merupakan beberapa peristiwa yang menunjukkan bahwa sejatinya keadilan belum bisa diperoleh hanya melalui pengadilan saja walaupun pengertian pengadilan adalah tempat dimana mengadili perkara dengan memberi keadilan, menentukan mana yang benar dan mana yang salah.Beberapa kasus dipaparkan dalam buku ini tentang kasus para pencari keadilan, dimana kasus-kasus tersebut merupakan beberapa peristiwa yang menunjukkan bahwa sejatinya keadilan belum bisa diperoleh hanya melalui pengadilan saja walaupun pengertian pengadilan adalah tempat dimana mengadili perkara dengan memberi keadilan, menentukan mana yang benar dan mana yang salah.</subfield>
  </datafield>
  <datafield tag="600" ind1=" " ind2="4">
   <subfield code="a">Keadilan</subfield>
  </datafield>
  <datafield tag="250" ind1=" " ind2=" ">
   <subfield code="a">Cet.2</subfield>
  </datafield>
  <datafield tag="990" ind1=" " ind2=" ">
   <subfield code="a">27120/MKRI-P/I-2023</subfield>
  </datafield>
  <datafield tag="990" ind1=" " ind2=" ">
   <subfield code="a">27120/MKRI-P/I-2023</subfield>
  </datafield>
  <datafield tag="990" ind1=" " ind2=" ">
   <subfield code="a">27520/MKRI-P/X-2024</subfield>
  </datafield>
 </record>
</collection>
